Responses for show #2019 - Thursday, May 20, 1993

Bev Schwartzberg game 5.

Contestants

Andrew Connally, a private school teacher from Ardmore, Pennsylvania

Adam Green, a financial analyst from New York City (whose 1-day cash winnings total $14,600)

Bev Schwartzberg, a history teacher originally from Amherst, Massachusetts (whose 4-day cash winnings total $49,699)

[next game >>]

Jeopardy! Round responses

WORLD POTPOURRI
TV WESTERNS
SUBMARINES
PRESIDENTIAL RELATIVES
SEWING
WORD ORIGINS
    $100 1
Nelson

Bev
    $100 16
(Alex: The western was called [*]. John Wayne was considered, was asked to be the lead, but he recommended Jim Arness instead.)

Gunsmoke

Triple Stumper
    $100 4
(Andrew: What is the United States?)

the Soviet Union

AdamAndrew
    $100 5
Patti Davis

Bev
    $100 21
sleeves

Bev
    $100 26
Australia

Adam
    $200 2
Germany

Andrew
    $200 17
Rawhide

Adam
    $200 12
sonar

Andrew
    $200 6
Grant

Bev
    $200 22
the pattern

Adam
    $200 27
mystery

Bev
    $300 3
Switzerland and Sweden

Adam
    $300 18
(Adam: What is the Pond-- um, what is the Vir-- what is Ponderosa?

The Big Valley

AdamAndrew
    $300 13
nuclear power

Bev
    $300 7
Nixon

Bev
    $300 23
stitches

Adam
    $300 28
a sloth

Bev
    $400 10
Rio de Janeiro

Bev
    $400 19
(Andrew: What is Hopalong Cassidy?)

Pancho

BevAndrew
    $400 14
periscopes

Andrew
    $400 8
Benjamin

Bev
    $400 24
thickness

Bev
    $400 29
Buddha

Adam
    $500 11
Iceland

Adam
    $500 20
(Alex: Neat name for her horse. [*].)
[laughter]

Buttermilk

Triple Stumper
    $500 15
ballast tanks

Adam
    $500 9
Billy Beer

Bev
    $1,000 25
(Alex: ...is the Daily Double. And it's always better, or perhaps worse, if it comes late in the round, because it means the player's had an opportunity to accumulate a lot of money, and that is certainly the case with you, Bev.)

a zipper

Bev
    $500 30
leper

Bev

Scores at the first commercial break (after clue 15):

Bev Adam Andrew
$2,300 $1,400 $700

Scores at the end of the Jeopardy! Round:

Bev Adam Andrew
$5,200 $2,300 $600

Double Jeopardy! Round responses

ARCHAEOLOGY
U.S. HISTORY
WOMEN AUTHORS
BROADWAY MUSICALS
SWAZILAND
MEN OF LETTER
(Alex: In each case, I will give you the clue; the response is the name of an individual, a man, who has an initial. We want that letter in his name.)
    $200 11
Troy

Bev
    $200 1
(Adam: What is the Pony Express?)
(Alex: The Pony Express was much earlier. This is [*].)

special delivery

Adam
Triple Stumper
    $200 6
Marilyn Monroe

Bev
    $200 16
Li'l Abner

Bev
    $200 19
J. Edgar Hoover

Bev
    $400 12
the Bronze Age

Andrew
    $400 2
income

Bev
    $400 7
Jackie Collins

Adam
    $400 17
South Pacific

Andrew
    $400 29
(The end-of-round-signal sounds.)

pineapple

Bev
    $400 20
(Bev: Who is E. Gordon Liddy?)
(Adam: Who is G. Gordon Liddy?)

E. Howard Hunt

BevAdamAndrew
    $600 13
(Bev: What's rice?)
(Alex: No.)
(Andrew: What is sand?)
(Alex: No.)
(Adam: No.)

pollen

BevAndrew
Triple Stumper
    $600 3
New York City

Andrew
    $600 8
Anne Rice

Andrew
    $600 18
Moe

Adam
    $600 28
New Jersey

Bev
    $600 21
U Thant

Adam
    $800 14
(Andrew: What is man-made?)

artifact

BevAndrew
    $800 4
the Mississippi

Bev
    $800 9
Judith Krantz

Andrew
    $800 24
Fiddler on the Roof

Adam
    $800 27
the Boer War

Bev
    $3,000 22
(Adam: Now, I wanna make sure I get this right. Who is [*]?)

H. Ross Perot

Adam
    $1000 15
Ur

Bev
    $2,000 5
(Alex: And that hurts. I look at Adam and Andrew and their reaction was almost the same when you hit the Daily Double, Bev, because you have a lot of money already.)
(Bev: Who are Bradley and MacArthur?)

(2 of) MacArthur, Eisenhower, Marshall, Hap Arnold

Bev
    $1000 10
Amy Tan

Bev
    $1000 25
Bye Bye Birdie

Andrew
    $1000 26
South Africa

Adam
    $1000 23
F. Lee Bailey

Bev

Scores at the end of the Double Jeopardy! Round:

Bev Adam Andrew
$9,800 $8,100 $3,400

[wagering suggestions for these scores]

Final Jeopardy! Round responses

HISTORIC NAMES
(Alex: [After Bev's response is revealed, scores standing $16,200 - $9,800] She, too, is right. If she risked, let's see, do some quick math, $7,600... no, seven... oh, forget it, I don't care what you risked. Let's look at the wager.)
[Laughter]
(Alex: $6,401--you're gonna win by a buck?)
AndrewWho was Hernan Cortés?
$3,400
AdamWho was Cortez
$8,100
BevWho is Cortes?
$6,401
Hernán Cortés

Final scores:

Bev Adam Andrew
$16,201 $16,200 $6,800
5-day champion: $65,900 2nd place: a home automation system and a music system 3rd place: an Italian chest

Game dynamics:

Coryat scores:

Bev Adam Andrew
$11,300 $5,900 $3,400
28 R
(including 1 DD),
3 W
(including 1 DD)
15 R
(including 1 DD),
3 W
11 R,
4 W

Combined Coryat: $20,600

The J! Archive is created by fans, for fans. The Jeopardy! game show and all elements thereof, including but not limited to copyright and trademark thereto, are the property of Jeopardy Productions, Inc. and are protected under law. This website is not affiliated with, sponsored by, or operated by Jeopardy Productions, Inc. Join the discussion at JBoard.tv.